| 000 | 01496nam a22003737a 4500 | ||
|---|---|---|---|
| 003 | CHAP | ||
| 005 | 20220329142144.0 | ||
| 008 | 000119d mx r 00110 spa d | ||
| 010 | _a79309 | ||
| 011 | _a80281 | ||
| 035 | _a90730 | ||
| 040 | _cCHAP | ||
| 090 | _aTesis | ||
| 100 | 0 | 0 |
_aGoche Telles, José Rodolfo. _948431 |
| 245 | 1 | 0 |
_aPérfiles de variación en el árbol de la longitud de traqueidas, densidad básica, contenido de humedad, contracciones volumétricas y lineales de la madera de Abies religiosa (H.B.K.) Schl. et Cham y Pinus ayacahuite var. veitchii Shaw _c/por José Rodolfo Goche Télles |
| 260 |
_aChapingo, Méx. : _bEl autor, _c1999. |
||
| 300 |
_a99 h. : _bilus. ; cuadros ; gráfs. |
||
| 502 | _aTesis (M.C. en Ciencias Forestales) -- UACH. División de Ciencias Forestales | ||
| 590 |
_aALEPH _b10 _c20130110 _lUCH01 _h1430 |
||
| 590 |
_aBATCH-UPD _b10 _c20130110 _lUCH01 _h1457 |
||
| 590 |
_aBATCH-UPD _b10 _c20130410 _lUCH01 _h0921 |
||
| 590 |
_aBATCH-UPD _b10 _c20130914 _lUCH01 _h1738 |
||
| 590 |
_aCONVERSION _b10 _c20130109 _lUCH01 _h1344 |
||
| 650 | 1 | 4 |
_aMadera _xPropiedades y usos. _969621 |
| 650 | 1 | 4 |
_aMadera _xTecnología. _969629 |
| 650 | 1 | 4 |
_aOyamel. _984468 |
| 650 | 1 | 4 |
_aPinus ayacahuite. _988320 |
| 901 | _aBK | ||
| 905 | _aAlejandra Carrasco M. | ||
| 942 | _cFOLL | ||
| 949 |
_bBC _cTES _d33724000748331 _eTS2 _fc.2 _h34887 _i90730 _si |
||
| 949 |
_bBC _cTES _d33724000760138 _eTS2 _fc.3 _h35697 _i90730 _si |
||
| 949 |
_bBC _cTES _d907301 _eTS1 _h34886 _i90730 _sb |
||
| 999 |
_c79309 _d79309 |
||